[Event "TCh-FRA Top 16 Gp A/B"]
[Site "Clichy"]
[Date "2007.06.01"]
[Round "9.8"]
[White "Klipper, Rebecca"]
[Black "Leclair, Marie"]
[Result "1-0"]
[WhiteElo "2026"]
[BlackElo "2024"]
[PlyCount "79"]
[EventDate "2007.05.??"]
[EventType "team"]
[EventRounds "11"]
[EventCountry "FRA"]
[SourceDate "2007.01.01"]
[WhiteTeam "Vandoeuvre"]
[WhiteTeamCountry "FRA"]
[BlackTeamCountry "FRA"]

1. e4 c5 2. Nf3 Nc6 3. c3 Nf6 4. e5 Nd5 5. d4 cxd4 6. cxd4 d6 7. Bc4 e6 8. exd6
Bxd6 9. Bxd5 exd5 10. O-O O-O 11. Bg5 Qa5 12. Qb3 Bg4 13. Nbd2 h6 14. Be3 Rab8
15. h3 Be6 16. Qd3 Qd8 17. Nb3 b6 18. Rfc1 Ne7 19. Ne5 Bf5 20. Qd2 Rc8 21. g4
Be4 22. f3 Rxc1+ 23. Rxc1 Bxe5 24. fxe4 Bb8 25. e5 Ng6 26. g5 hxg5 27. Bxg5 Qd7
28. Qg2 Qe6 29. h4 Kh7 30. h5 Ne7 31. Bxe7 Qxe7 32. Qxd5 Qg5+ 33. Kf2 Qf4+ 34.
Qf3 Qh2+ 35. Qg2 Qf4+ 36. Ke2 Re8 37. h6 g6 38. Rf1 Rxe5+ 39. dxe5 Qxe5+ 40.
Kd1 1-0

[Event "TCh-FRA Top 16 Gp A/B"]
[Site "Clichy"]
[Date "2007.06.01"]
[Round "9.1"]
[White "Bunzmann, Dimitrij"]
[Black "Nataf, Igor Alexandre"]
[Result "0-1"]
[WhiteElo "2525"]
[BlackElo "2596"]
[PlyCount "82"]
[EventDate "2007.05.??"]
[EventType "team"]
[EventRounds "11"]
[EventCountry "FRA"]
[SourceDate "2007.01.01"]
[WhiteTeam "Drancy"]
[BlackTeam "Paris Chess Club"]
[WhiteTeamCountry "FRA"]
[BlackTeamCountry "FRA"]

1. d4 Nf6 2. Nf3 g6 3. c4 Bg7 4. Nc3 d6 5. e4 O-O 6. Be2 e5 7. O-O Nc6 8. d5
Ne7 9. b4 Ne8 10. c5 f5 11. a4 Nf6 12. Nd2 g5 13. a5 f4 14. g4 h5 15. h3 Rf7
16. f3 Ng6 17. Ba3 Bf8 18. Nc4 Rh7 19. Kg2 Be7 20. b5 Qf8 21. b6 hxg4 22. hxg4
Nxg4 23. fxg4 f3+ 24. Bxf3 Qf4 25. Rf2 Bxg4 26. Bc1 Bh3+ 27. Kg1 Qg3+ 28. Bg2
Nh4 29. Ne3 Rf8 30. Rxf8+ Bxf8 31. Ra2 Bxg2 32. Rxg2 Nxg2 33. Nxg2 Qxc3 34.
bxa7 Qxa5 35. Qg4 Qxa7 36. Bxg5 Qa1+ 37. Kf2 Rg7 38. Ke2 Qa6+ 39. Ke1 dxc5 40.
Ne3 Qg6 41. d6 cxd6 0-1

[Event "TCh-FRA Top 16 Gp A/B"]
[Site "Clichy"]
[Date "2007.06.01"]
[Round "9.3"]
[White "Karr, Jean Philippe"]
[Black "Hauchard, Arnaud"]
[Result "1/2-1/2"]
[WhiteElo "2409"]
[BlackElo "2474"]
[PlyCount "71"]
[EventDate "2007.05.??"]
[EventType "team"]
[EventRounds "11"]
[EventCountry "FRA"]
[SourceDate "2007.01.01"]
[WhiteTeam "Drancy"]
[BlackTeam "Paris Chess Club"]
[WhiteTeamCountry "FRA"]
[BlackTeamCountry "FRA"]

1. d4 Nf6 2. c4 e6 3. Nc3 Bb4 4. Qc2 c5 5. dxc5 Na6 6. a3 Bxc3+ 7. Qxc3 Nxc5 8.
b4 Nce4 9. Qb2 d5 10. c5 d4 11. e3 Ng4 12. Nh3 dxe3 13. Qxg7 Ke7 14. fxe3 Rg8
15. Qd4 f5 16. Bd3 e5 17. Qxd8+ Rxd8 18. Bxe4 fxe4 19. O-O Be6 20. Nf2 Nxf2 21.
Rxf2 Rd1+ 22. Rf1 Rxf1+ 23. Kxf1 Bc4+ 24. Kg1 Rd8 25. Bb2 Rd3 26. Bxe5 Rxe3 27.
Rc1 Bb5 28. Rc3 Re1+ 29. Kf2 Re2+ 30. Kg3 Ke6 31. Bb8 a6 32. Kf4 Kd5 33. Rh3
Rf2+ 34. Ke3 Re2+ 35. Kf4 Rf2+ 36. Ke3 1/2-1/2

[Event "TCh-FRA Top 16 Gp A/B"]
[Site "Clichy"]
[Date "2007.06.01"]
[Round "9.4"]
[White "Spiridonov, Nikola"]
[Black "Legky, Nikolay A"]
[Result "1/2-1/2"]
[WhiteElo "2363"]
[BlackElo "2465"]
[PlyCount "83"]
[EventDate "2007.05.??"]
[EventType "team"]
[EventRounds "11"]
[EventCountry "FRA"]
[SourceDate "2007.01.01"]
[WhiteTeam "Paris Chess Club"]
[WhiteTeamCountry "FRA"]
[BlackTeamCountry "FRA"]

1. c4 e6 2. Nf3 d5 3. g3 dxc4 4. Qa4+ Nd7 5. Bg2 a6 6. Qxc4 b5 7. Qc2 Bb7 8.
O-O c5 9. b3 Ngf6 10. Bb2 Be7 11. d3 O-O 12. Nbd2 Rc8 13. Rac1 Re8 14. Qb1 Bf8
15. Qa1 Qb6 16. Rfd1 Qa7 17. Bh3 Qa8 18. Ne5 Nxe5 19. Bxe5 Nd7 20. Bb2 Rcd8 21.
Bg4 Nb6 22. Bf3 Bxf3 23. Nxf3 Qd5 24. Bc3 Nd7 25. Rc2 Qh5 26. Kg2 Rc8 27. h3
Qd5 28. Be5 Qb7 29. Bb2 Nb6 30. Kg1 Nd5 31. a3 Nb6 32. Rdc1 Red8 33. Bc3 c4 34.
dxc4 bxc4 35. bxc4 Rxc4 36. Ne5 Rc5 37. Bb4 Rxc2 38. Rxc2 Qe4 39. Nd3 Nd5 40.
Bxf8 Kxf8 41. Qc1 Nf6 42. Qf4 1/2-1/2

[Event "TCh-FRA Top 16 Gp A/B"]
[Site "Clichy"]
[Date "2007.06.01"]
[Round "9.5"]
[White "Berthelot, Yannick"]
[Black "De Sousa, Jose Claude"]
[Result "0-1"]
[WhiteElo "2317"]
[BlackElo "2294"]
[PlyCount "58"]
[EventDate "2007.05.??"]
[EventType "team"]
[EventRounds "11"]
[EventCountry "FRA"]
[SourceDate "2007.01.01"]
[WhiteTeam "Drancy"]
[BlackTeam "Paris Chess Club"]
[WhiteTeamCountry "FRA"]
[BlackTeamCountry "FRA"]

1. e4 c5 2. Nf3 Nc6 3. d4 cxd4 4. Nxd4 Qc7 5. c4 Nf6 6. Nc3 Nxe4 7. Nxe4 Qe5 8.
Nb5 Qxe4+ 9. Be2 Qe5 10. f4 Qb8 11. O-O f5 12. b3 a6 13. Nd4 e6 14. Bb2 Bc5 15.
Kh1 O-O 16. Nc2 b6 17. Qd2 Qd6 18. Qc3 Qe7 19. Rab1 a5 20. a3 Bb7 21. Rf3 e5
22. fxe5 Rae8 23. Bd3 Nxe5 24. Rxf5 Nxd3 25. Rxf8+ Rxf8 26. Qxd3 Rf2 27. Rg1
Rxc2 28. Qxc2 Bxg1 29. Qc3 Bf2 0-1

[Event "TCh-FRA Top 16 Gp A/B"]
[Site "Clichy"]
[Date "2007.06.01"]
[Round "9.6"]
[White "Le Roy, Brice"]
[Black "Giffard, Nicolas"]
[Result "1/2-1/2"]
[WhiteElo "2296"]
[BlackElo "2379"]
[PlyCount "100"]
[EventDate "2007.05.??"]
[EventType "team"]
[EventRounds "11"]
[EventCountry "FRA"]
[SourceDate "2007.01.01"]
[WhiteTeam "Paris Chess Club"]
[WhiteTeamCountry "FRA"]
[BlackTeamCountry "FRA"]

1. e4 Nf6 2. e5 Nd5 3. Nc3 Nxc3 4. dxc3 d5 5. Bf4 Bf5 6. h4 Qd7 7. Qd2 c5 8.
O-O-O e6 9. Kb1 Nc6 10. Be2 h6 11. g4 Bh7 12. Bd3 Bxd3 13. Qxd3 O-O-O 14. Nf3
c4 15. Qe2 Kb8 16. Nd4 Ka8 17. g5 Nxd4 18. Rxd4 Rc8 19. g6 fxg6 20. Be3 Qe8 21.
Rg4 g5 22. hxg5 h5 23. g6 hxg4 24. Rxh8 Qxg6 25. Bc5 Qf7 26. Bd6 b6 27. a3 Kb7
28. Rxf8 Rxf8 29. Bxf8 g3 30. fxg3 Qxf8 31. Qh5 Kc7 32. Qg6 Kd7 33. Kc1 Ke7 34.
Kd2 Qf2+ 35. Kd1 Qf7 36. Qg5+ Ke8 37. Ke2 g6 38. g4 Kf8 39. Qd8+ Kg7 40. g5 Qf5
41. Qc7+ Qf7 42. Qxf7+ Kxf7 43. Ke3 Ke7 44. Kd4 Kd7 45. b3 cxb3 46. cxb3 Kc6
47. c4 dxc4 48. Kxc4 b5+ 49. Kd4 b4 50. a4 a5 1/2-1/2

[Event "TCh-FRA Top 16 Gp A/B"]
[Site "Clichy"]
[Date "2007.06.01"]
[Round "9.7"]
[White "Borne, Niels"]
[Black "Glicenstein, Asher"]
[Result "1/2-1/2"]
[WhiteElo "2335"]
[BlackElo "2257"]
[PlyCount "43"]
[EventDate "2007.05.??"]
[EventType "team"]
[EventRounds "11"]
[EventCountry "FRA"]
[SourceDate "2007.01.01"]
[WhiteTeam "Drancy"]
[BlackTeam "Paris Chess Club"]
[WhiteTeamCountry "FRA"]
[BlackTeamCountry "FRA"]

1. d4 Nf6 2. c4 c5 3. d5 e6 4. Nc3 exd5 5. cxd5 d6 6. e4 g6 7. Nf3 a6 8. a4 Bg4
9. Be2 Bxf3 10. Bxf3 Nbd7 11. O-O Bg7 12. Re1 O-O 13. Be2 Qe7 14. Bf1 Rfc8 15.
a5 Ne8 16. Bf4 Nc7 17. Qd2 Rab8 18. Ra2 b5 19. axb6 Rxb6 20. Bg5 Qe5 21. Bf4
Qe7 22. Bg5 1/2-1/2

[Event "TCh-FRA Top 16 Gp A/B"]
[Site "Clichy"]
[Date "2007.06.01"]
[Round "9.8"]
[White "Kohi, Camilla"]
[Black "Wolfangel, Florence"]
[Result "1/2-1/2"]
[WhiteElo "1875"]
[BlackElo "1983"]
[PlyCount "49"]
[EventDate "2007.05.??"]
[EventType "team"]
[EventRounds "11"]
[EventCountry "FRA"]
[SourceDate "2007.01.01"]
[WhiteTeam "Paris Chess Club"]
[WhiteTeamCountry "FRA"]
[BlackTeamCountry "FRA"]

1. e4 e6 2. d4 d5 3. Nc3 Bb4 4. e5 c5 5. Bd2 cxd4 6. Nb5 Bf8 7. Nxd4 Nc6 8. Bb5
Bd7 9. Nxc6 bxc6 10. Bd3 Qb8 11. Bc3 c5 12. Nf3 Ne7 13. b3 Ng6 14. Bxg6 fxg6
15. O-O Be7 16. Re1 O-O 17. Bd2 Qd8 18. Qc1 Bc6 19. Bg5 d4 20. Bxe7 Qxe7 21.
Qg5 Rae8 22. Qxe7 Rxe7 23. Nd2 Rf5 24. Nc4 Rg5 25. g3 1/2-1/2

[Event "TCh-FRA Top 16 Gp A/B"]
[Site "Clichy"]
[Date "2007.06.01"]
[Round "9.2"]
[White "Jedynak, Radoslaw"]
[Black "Doettling, Fabian"]
[Result "1/2-1/2"]
[WhiteElo "2538"]
[BlackElo "2539"]
[PlyCount "37"]
[EventDate "2007.05.??"]
[EventType "team"]
[EventRounds "11"]
[EventCountry "FRA"]
[SourceDate "2007.01.01"]
[WhiteTeam "Marseille"]
[WhiteTeamCountry "FRA"]
[BlackTeamCountry "FRA"]

1. d4 d5 2. c4 e6 3. Nc3 Be7 4. Nf3 Nf6 5. Bg5 h6 6. Bh4 O-O 7. e3 b6 8. cxd5
Nxd5 9. Bxe7 Qxe7 10. Rc1 Bb7 11. Be2 Nf6 12. O-O Nbd7 13. a3 c5 14. dxc5 Nxc5
15. b4 Rfd8 16. Qc2 Nce4 17. Nb5 Rac8 18. Qb2 a6 19. Nc3 1/2-1/2

[Event "TCh-FRA Top 16 Gp A/B"]
[Site "Clichy"]
[Date "2007.06.01"]
[Round "9.3"]
[White "Kallai, Gabor"]
[Black "Genov, Petar"]
[Result "1/2-1/2"]
[WhiteElo "2491"]
[BlackElo "2474"]
[PlyCount "44"]
[EventDate "2007.05.??"]
[EventType "team"]
[EventRounds "11"]
[EventCountry "FRA"]
[SourceDate "2007.01.01"]
[WhiteTeam "Strasbourg"]
[BlackTeam "Marseille"]
[WhiteTeamCountry "FRA"]
[BlackTeamCountry "FRA"]

1. d4 Nf6 2. c4 e6 3. Nf3 b6 4. g3 Bb7 5. Bg2 Bb4+ 6. Bd2 Bxd2+ 7. Qxd2 O-O 8.
O-O d6 9. Nc3 Ne4 10. Nxe4 Bxe4 11. Qe3 Bb7 12. Qd3 g6 13. e4 Nd7 14. Rfd1 Qe7
15. Bh3 Rad8 16. Rf1 Nf6 17. Bg2 e5 18. Qa3 c5 19. dxe5 dxe5 20. Qxa7 Qc7 21.
Qa3 Bxe4 22. Qe3 Kg7 1/2-1/2

[Event "TCh-FRA Top 16 Gp A/B"]
[Site "Clichy"]
[Date "2007.06.01"]
[Round "9.4"]
[White "De la Riva Aguado, Oscar"]
[Black "Roos, Daniel"]
[Result "1-0"]
[WhiteElo "2525"]
[BlackElo "2414"]
[PlyCount "107"]
[EventDate "2007.05.??"]
[EventType "team"]
[EventRounds "11"]
[EventCountry "FRA"]
[SourceDate "2007.01.01"]
[WhiteTeam "Marseille"]
[WhiteTeamCountry "FRA"]
[BlackTeamCountry "FRA"]

1. e4 c6 2. d4 d5 3. e5 Bf5 4. Nf3 e6 5. Be2 Nd7 6. O-O h6 7. Nbd2 Ne7 8. c3
Qc7 9. b4 Ng6 10. Nb3 f6 11. Ne1 Ne7 12. exf6 gxf6 13. Bh5+ Kd8 14. Nd3 e5 15.
Re1 b6 16. dxe5 Nxe5 17. Nf4 Kc8 18. Nd4 Kb7 19. b5 Bd7 20. bxc6+ Bxc6 21. Nfe6
Qd7 22. Bf4 Ba4 23. Qb1 Rc8 24. Bxe5 fxe5 25. Rxe5 Nc6 26. Nxc6 Bxc6 27. Nxf8
Rcxf8 28. Qb4 Kb8 29. Rae1 Bb7 30. Qd4 Rhg8 31. Re7 Qf5 32. R7e5 Qd7 33. h3 Rd8
34. R1e3 Qb5 35. Kh2 Qf1 36. Rg3 Rgf8 37. Bf3 Qc4 38. Re7 Qxd4 39. cxd4 Rf4 40.
Rg4 Rxg4 41. Bxg4 b5 42. f4 b4 43. Be2 Rf8 44. Kg3 Rf6 45. Bd3 Ba6 46. Bxa6
Rxa6 47. Re2 Rb6 48. f5 a5 49. Kf4 Kc7 50. Ke5 Kd7 51. Kxd5 Rb5+ 52. Ke4 a4 53.
Rb2 Ke7 54. g4 1-0

[Event "TCh-FRA Top 16 Gp A/B"]
[Site "Clichy"]
[Date "2007.06.01"]
[Round "9.5"]
[White "Roos, Louis"]
[Black "Amigues, Emmanuel"]
[Result "1/2-1/2"]
[WhiteElo "2345"]
[BlackElo "2388"]
[PlyCount "76"]
[EventDate "2007.05.??"]
[EventType "team"]
[EventRounds "11"]
[EventCountry "FRA"]
[SourceDate "2007.01.01"]
[WhiteTeam "Strasbourg"]
[BlackTeam "Marseille"]
[WhiteTeamCountry "FRA"]
[BlackTeamCountry "FRA"]

1. c4 e6 2. d4 d5 3. cxd5 exd5 4. Nc3 c6 5. Qc2 Bd6 6. Nf3 Ne7 7. Bg5 f6 8. Bh4
Bf5 9. Qd2 Nd7 10. e3 Nb6 11. Bg3 Ng6 12. a3 a5 13. Be2 a4 14. Bxd6 Qxd6 15.
O-O O-O 16. Rae1 Kh8 17. Qd1 Bg4 18. Nd2 Bxe2 19. Rxe2 f5 20. f4 Nh4 21. g3 Ng6
22. Nf3 Ne7 23. Ne5 Ng8 24. h3 Nf6 25. g4 Ne4 26. Qe1 Nd7 27. Nxe4 fxe4 28. Qg3
Rae8 29. Ref2 b6 30. g5 Kg8 31. h4 c5 32. Qg4 Rd8 33. Nxd7 Rxd7 34. Rd1 Rc7 35.
f5 c4 36. Rdf1 c3 37. f6 cxb2 38. Rxb2 Qxa3 {suite illisible} 1/2-1/2

[Event "TCh-FRA Top 16 Gp A/B"]
[Site "Clichy"]
[Date "2007.06.01"]
[Round "9.6"]
[White "Gozzoli, Yannick"]
[Black "Reinhart, Emmanuel"]
[Result "1-0"]
[WhiteElo "2453"]
[BlackElo "2299"]
[PlyCount "61"]
[EventDate "2007.05.??"]
[EventType "team"]
[EventRounds "11"]
[EventCountry "FRA"]
[SourceDate "2007.01.01"]
[WhiteTeam "Marseille"]
[WhiteTeamCountry "FRA"]
[BlackTeamCountry "FRA"]

1. d4 d5 2. c4 c6 3. Nc3 Nf6 4. e3 g6 5. Nf3 Bg7 6. Bd3 O-O 7. h3 b6 8. O-O Bb7
9. Qe2 Nbd7 10. Rd1 dxc4 11. Bxc4 b5 12. Bb3 Qc7 13. e4 e5 14. dxe5 Nxe5 15.
Nxe5 Qxe5 16. f4 Qc7 17. e5 Rfe8 18. Qf2 Nd7 19. Ne4 Nb6 20. Nd6 Re7 21. Be3
Nd5 22. Bxd5 cxd5 23. Nxb5 Qd7 24. Bc5 Ree8 25. Nd4 Rac8 26. Rac1 g5 27. Re1
gxf4 28. Qxf4 Ba6 29. Nf5 Re6 30. Qg4 Rg6 31. Nh6+ 1-0

[Event "TCh-FRA Top 16 Gp A/B"]
[Site "Clichy"]
[Date "2007.06.01"]
[Round "9.7"]
[White "Roos, Jean Luc"]
[Black "Guadalpi, David"]
[Result "1/2-1/2"]
[WhiteElo "2294"]
[BlackElo "2336"]
[PlyCount "49"]
[EventDate "2007.05.??"]
[EventType "team"]
[EventRounds "11"]
[EventCountry "FRA"]
[SourceDate "2007.01.01"]
[WhiteTeam "Strasbourg"]
[BlackTeam "Marseille"]
[WhiteTeamCountry "FRA"]
[BlackTeamCountry "FRA"]

1. d4 d5 2. c4 c6 3. e3 Nf6 4. Nf3 Bg4 5. Qb3 Qb6 6. Qxb6 axb6 7. Ne5 Bf5 8. a3
e6 9. f3 Nbd7 10. Nxd7 Nxd7 11. Nd2 Bg6 12. Kf2 Be7 13. e4 dxe4 14. Nxe4 O-O
15. Bf4 e5 16. dxe5 Bxe4 17. fxe4 f5 18. Rd1 Nc5 19. h4 fxe4 20. Ke3 Ne6 21. g3
h6 22. Bh3 Nc5 23. h5 Ra4 24. Bf1 Bg5 25. Be2 1/2-1/2

[Event "TCh-FRA Top 16 Gp A/B"]
[Site "Clichy"]
[Date "2007.06.01"]
[Round "9.8"]
[White "Delorme, Laurie"]
[Black "Roos, Louise"]
[Result "1/2-1/2"]
[WhiteElo "2026"]
[BlackElo "1948"]
[PlyCount "86"]
[EventDate "2007.05.??"]
[EventType "team"]
[EventRounds "11"]
[EventCountry "FRA"]
[SourceDate "2007.01.01"]
[WhiteTeam "Marseille"]
[WhiteTeamCountry "FRA"]
[BlackTeamCountry "FRA"]

1. d4 d5 2. Nf3 e6 3. c4 c5 4. cxd5 exd5 5. Nc3 Nc6 6. g3 Nf6 7. Bg2 Be7 8. O-O
O-O 9. Bg5 c4 10. Ne5 Be6 11. b3 Qa5 12. Qd2 Bb4 13. Rfc1 Bxc3 14. Rxc3 cxb3
15. Nxc6 bxc6 16. Rxb3 Qxd2 17. Bxd2 Ne4 18. Bb4 Rfe8 19. Rc1 Bd7 20. f3 Nf6
21. Bf1 Reb8 22. Bc5 Rxb3 23. axb3 a5 24. Ra1 Bf5 25. Ra2 Nd7 26. Bd6 Bb1 27.
Rb2 Bg6 28. e3 f6 29. Bh3 Nf8 30. Kf2 Bd3 31. Bf1 Bxf1 32. Kxf1 Ne6 33. Rc2 Rc8
34. Ke2 Kf7 35. Kd3 Ng5 36. Ke2 Ke6 37. Bc5 Rb8 38. Rc3 Kd7 39. Ba3 f5 40. h4
Ne6 41. Bc1 g6 42. Kd1 Rb5 43. Ba3 Rb8 1/2-1/2

[Event "TCh-FRA Top 16 Gp A/B"]
[Site "Clichy"]
[Date "2007.06.01"]
[Round "9.1"]
[White "Prie, Eric"]
[Black "Lepelletier, Benoit"]
[Result "1-0"]
[WhiteElo "2513"]
[BlackElo "2423"]
[PlyCount "76"]
[EventDate "2007.05.??"]
[EventType "team"]
[EventRounds "11"]
[EventCountry "FRA"]
[SourceDate "2007.01.01"]
[WhiteTeam "Montpellier"]
[BlackTeam "Creteil"]
[WhiteTeamCountry "FRA"]
[BlackTeamCountry "FRA"]

1. d4 c5 2. c3 e6 3. Nf3 b6 4. e4 Bb7 5. Bd3 Nf6 6. Qe2 cxd4 7. cxd4 Nc6 8. a3
Be7 9. O-O O-O 10. Nc3 d6 11. Re1 Nd7 12. Be3 Re8 13. Rad1 a6 14. Bb1 Bf8 15.
e5 g6 16. Bg5 Qc7 17. Ne4 d5 18. Nf6+ Nxf6 19. Bxf6 Be7 20. Qe3 Qd8 21. Qf4 Nb8
22. Bg5 Nd7 23. h4 Bxg5 24. hxg5 Kf8 25. Nh2 Ke7 26. Ng4 Rh8 27. Re3 Qf8 28.
Rf3 Qg7 29. Nf6 Bc6 30. Rc1 Rac8 31. Rfc3 Nb8 32. Bd3 b5 33. Qd2 Rc7 34. R3c2
Kd8 35. a4 bxa4 36. Qa5 Qf8 37. Rxc6 Nxc6 38. Rxc6 Qe7 1-0

[Event "TCh-FRA Top 16 Gp A/B"]
[Site "Clichy"]
[Date "2007.06.01"]
[Round "9.2"]
[White "Calistri, Tristan"]
[Black "Hamdouchi, Hichem"]
[Result "1/2-1/2"]
[WhiteElo "2368"]
[BlackElo "2598"]
[PlyCount "109"]
[EventDate "2007.05.??"]
[EventType "team"]
[EventRounds "11"]
[EventCountry "FRA"]
[SourceDate "2007.01.01"]
[WhiteTeam "Creteil"]
[WhiteTeamCountry "FRA"]
[BlackTeamCountry "FRA"]

1. e4 c5 2. Nf3 Nc6 3. d4 cxd4 4. Nxd4 Qb6 5. Nb3 Nf6 6. Nc3 e6 7. Qe2 Bb4 8.
Bd2 O-O 9. a3 Be7 10. O-O-O d5 11. e5 Nd7 12. f4 a6 13. Be3 Qc7 14. Qh5 Rd8 15.
Bd3 Nf8 16. Ne2 Bd7 17. Ned4 Rdc8 18. Rhf1 Nxd4 19. Bxd4 Bb5 20. Rf2 Ng6 21. g3
Bf8 22. Bxb5 axb5 23. f5 exf5 24. Qxf5 Re8 25. Rdf1 Nh8 26. Qg4 b4 27. axb4 Qc4
28. Rf4 Ng6 29. e6 f6 30. Bxf6 d4 31. Bxd4 Nxf4 32. Rxf4 g6 33. Bg7 Qd5 34.
Bxf8 Rxf8 35. e7 Rxf4 36. Qxf4 Qe6 37. Qd4 Re8 38. Nc5 Qe1+ 39. Qd1 Qxd1+ 40.
Kxd1 Rxe7 41. Kd2 Kf7 42. Kd3 Kf6 43. Kc4 Kf5 44. b5 h5 45. Kd5 Re2 46. Nxb7
Rd2+ 47. Kc6 Rxc2+ 48. Nc5 Rxb2 49. h3 Rb1 50. b6 h4 51. gxh4 Kf4 52. b7 Kg3
53. Nd7 Rxb7 54. Kxb7 Kxh4 55. Ne5 1/2-1/2

[Event "TCh-FRA Top 16 Gp A/B"]
[Site "Clichy"]
[Date "2007.06.01"]
[Round "9.3"]
[White "Maze, Sebastien"]
[Black "Bouchet, Nicolas"]
[Result "1-0"]
[WhiteElo "2506"]
[BlackElo "2316"]
[PlyCount "74"]
[EventDate "2007.05.??"]
[EventType "team"]
[EventRounds "11"]
[EventCountry "FRA"]
[SourceDate "2007.01.01"]
[WhiteTeam "Montpellier"]
[BlackTeam "Creteil"]
[WhiteTeamCountry "FRA"]
[BlackTeamCountry "FRA"]

1. e4 c5 2. Nf3 Nc6 3. Bb5 d6 4. O-O Bd7 5. Re1 Nf6 6. c3 a6 7. Bf1 e5 8. h3 g6
9. d4 cxd4 10. cxd4 Bg7 11. d5 Ne7 12. a4 O-O 13. Nc3 Ne8 14. Qb3 Rb8 15. Be3
b5 16. axb5 axb5 17. Qb4 f5 18. Ng5 f4 19. Ba7 Rb7 20. Qa5 Qxa5 21. Rxa5 Bf6
22. Nf3 b4 23. Ne2 Nc8 24. Rea1 Bd8 25. R5a2 Nc7 26. Nc1 Nb5 27. Bc5 dxc5 28.
Nxe5 Nd4 29. Ba6 Bf6 30. Bxb7 Bxe5 31. Nd3 Bd6 32. Ba6 Re8 33. e5 c4 34. Bxc4
Bxe5 35. d6+ Kg7 36. Ra7 Nxa7 37. Rxa7 Kf6 1-0

[Event "TCh-FRA Top 16 Gp A/B"]
[Site "Clichy"]
[Date "2007.06.01"]
[Round "9.5"]
[White "Korneev, Oleg"]
[Black "Strugnell, Carl"]
[Result "1-0"]
[WhiteElo "2565"]
[BlackElo "2225"]
[PlyCount "95"]
[EventDate "2007.05.??"]
[EventType "team"]
[EventRounds "11"]
[EventCountry "FRA"]
[SourceDate "2007.01.01"]
[WhiteTeam "Montpellier"]
[BlackTeam "Creteil"]
[WhiteTeamCountry "FRA"]
[BlackTeamCountry "FRA"]

1. e4 c5 2. Nf3 d6 3. d4 cxd4 4. Nxd4 Nf6 5. Nc3 Nc6 6. Bg5 e6 7. Qd2 a6 8.
O-O-O Bd7 9. f3 Be7 10. Be3 h5 11. Kb1 Qc7 12. Bd3 Ne5 13. h3 h4 14. Bg5 b5 15.
f4 Nxd3 16. cxd3 b4 17. Nce2 Qb7 18. Nf3 Rc8 19. Rc1 a5 20. Rxc8+ Bxc8 21. Rc1
Ng8 22. Ned4 Bxg5 23. Nxg5 Ne7 24. Qc2 e5 25. fxe5 dxe5 26. Qc4 O-O 27. Nxf7
Rxf7 28. Rf1 Ng6 29. Rxf7 Qxf7 30. Qxc8+ Kh7 31. Qf5 Qf6 32. Nf3 Qxf5 33. exf5
Nf4 34. Nxe5 Kh6 35. Nf7+ Kh5 36. d4 g5 37. Ne5 g4 38. Nxg4 Kg5 39. Ne3 Ne2 40.
d5 Nd4 41. Kc1 Nxf5 42. Nxf5 Kxf5 43. Kd2 Ke5 44. Ke3 Kxd5 45. g4 hxg3 46. h4
Kc4 47. h5 g2 48. Kf2 1-0

[Event "TCh-FRA Top 16 Gp A/B"]
[Site "Clichy"]
[Date "2007.06.01"]
[Round "9.6"]
[White "Brih, Said"]
[Black "Marzolo, Cyril"]
[Result "0-1"]
[WhiteElo "2222"]
[BlackElo "2459"]
[PlyCount "64"]
[EventDate "2007.05.??"]
[EventType "team"]
[EventRounds "11"]
[EventCountry "FRA"]
[SourceDate "2007.01.01"]
[WhiteTeam "Creteil"]
[WhiteTeamCountry "FRA"]
[BlackTeamCountry "FRA"]

1. e4 c5 2. d3 Nc6 3. g3 g6 4. Bg2 Bg7 5. Nf3 Nf6 6. O-O d5 7. Nbd2 O-O 8. Re1
e5 9. exd5 Nxd5 10. Ne4 b6 11. Bg5 f6 12. Bd2 Bb7 13. h4 Qd7 14. h5 g5 15. h6
Bxh6 16. Kh2 Bg7 17. Rh1 h6 18. Kg1 Rfd8 19. a3 Nd4 20. Ne1 f5 21. Nc3 Nxc3 22.
bxc3 Bxg2 23. Nxg2 Ne6 24. Qh5 c4 25. Ne1 f4 26. Qe2 Nc5 27. d4 exd4 28. Qxc4+
Qd5 29. Qxd5+ Rxd5 30. c4 Re5 31. Nf3 Re2 32. gxf4 g4 0-1

[Event "TCh-FRA Top 16 Gp A/B"]
[Site "Clichy"]
[Date "2007.06.01"]
[Round "9.7"]
[White "Flear, Glenn C"]
[Black "Guilleux, Fabien"]
[Result "1-0"]
[WhiteElo "2476"]
[BlackElo "2203"]
[PlyCount "53"]
[EventDate "2007.05.??"]
[EventType "team"]
[EventRounds "11"]
[EventCountry "FRA"]
[SourceDate "2007.01.01"]
[WhiteTeam "Montpellier"]
[BlackTeam "Creteil"]
[WhiteTeamCountry "FRA"]
[BlackTeamCountry "FRA"]

1. d4 Nf6 2. c4 g6 3. Nc3 Bg7 4. e4 d6 5. Be2 O-O 6. Bg5 Na6 7. Qd2 e5 8. d5 c6
9. Rd1 cxd5 10. Nxd5 Nc5 11. f3 Ne6 12. Bh4 h6 13. Nxf6+ Bxf6 14. Bxf6 Qxf6 15.
Qxh6 Nf4 16. Bf1 d5 17. g3 dxe4 18. gxf4 exf4 19. fxe4 Bg4 20. Be2 Rfe8 21.
Bxg4 Rxe4+ 22. Kf1 Rae8 23. Nf3 Qa6 24. b3 Qa5 25. Ng5 Re1+ 26. Kg2 Qxa2+ 27.
Kh3 1-0

[Event "TCh-FRA Top 16 Gp A/B"]
[Site "Clichy"]
[Date "2007.06.01"]
[Round "9.8"]
[White "Lam, Sophie"]
[Black "Flear, Christine"]
[Result "1/2-1/2"]
[WhiteElo "2064"]
[BlackElo "2168"]
[PlyCount "67"]
[EventDate "2007.05.??"]
[EventType "team"]
[EventRounds "11"]
[EventCountry "FRA"]
[SourceDate "2007.01.01"]
[WhiteTeam "Creteil"]
[WhiteTeamCountry "FRA"]
[BlackTeamCountry "FRA"]

1. e4 c5 2. Nf3 e6 3. d4 cxd4 4. Nxd4 a6 5. Bd3 g6 6. O-O Bg7 7. c3 Ne7 8. Bc2
d5 9. exd5 Nxd5 10. Bb3 O-O 11. Na3 h6 12. Qf3 Ne7 13. Be3 Qc7 14. Rad1 e5 15.
Ndc2 Nf5 16. Bc1 Nc6 17. Ne3 Nxe3 18. Bxe3 Na5 19. Bd5 Kh7 20. b4 Nc6 21. Bxc6
bxc6 22. Bc5 Re8 23. Nc4 e4 24. Qe3 Bg4 25. Ra1 h5 26. h3 Bh6 27. Qe1 Bf5 28.
Qe2 Bg7 29. Nd6 Re5 30. Nxf5 Rxf5 31. Qxe4 Bxc3 32. Rad1 Rf4 33. Qb1 Rf5 34.
Qb3 1/2-1/2

[Event "TCh-FRA Top 16 Gp A/B"]
[Site "Clichy"]
[Date "2007.06.02"]
[Round "10.3"]
[White "Nezar, Mustapha"]
[Black "Kallai, Gabor"]
[Result "1/2-1/2"]
[WhiteElo "2420"]
[BlackElo "2491"]
[PlyCount "34"]
[EventDate "2007.05.??"]
[EventType "team"]
[EventRounds "11"]
[EventCountry "FRA"]
[SourceDate "2007.01.01"]
[WhiteTeam "Vandoeuvre"]
[BlackTeam "Strasbourg"]
[WhiteTeamCountry "FRA"]
[BlackTeamCountry "FRA"]

1. c4 e6 2. d4 Nf6 3. Nf3 d5 4. Nc3 c5 5. cxd5 Nxd5 6. g3 cxd4 7. Nxd5 Qxd5 8.
Qxd4 Qxd4 9. Nxd4 Bb4+ 10. Bd2 Bxd2+ 11. Kxd2 Bd7 12. Bg2 Nc6 13. Nxc6 Bxc6 14.
Bxc6+ bxc6 15. Rac1 Kd7 16. Rc4 Rhb8 17. Kc2 Rb5 1/2-1/2

[Event "TCh-FRA Top 16 Gp A/B"]
[Site "Clichy"]
[Date "2007.06.02"]
[Round "10.4"]
[White "Roos, Daniel"]
[Black "Meier, Georg"]
[Result "0-1"]
[WhiteElo "2414"]
[BlackElo "2506"]
[PlyCount "58"]
[EventDate "2007.05.??"]
[EventType "team"]
[EventRounds "11"]
[EventCountry "FRA"]
[SourceDate "2007.01.01"]
[WhiteTeam "Strasbourg"]
[WhiteTeamCountry "FRA"]
[BlackTeamCountry "FRA"]

1. Nf3 Nf6 2. g3 d5 3. Bg2 c6 4. d3 Bg4 5. Nbd2 Nbd7 6. O-O e6 7. h3 Bh5 8. b3
Bd6 9. Bb2 O-O 10. e4 e5 11. Qe1 Re8 12. Nh4 Nc5 13. Nf5 Bf8 14. a4 h6 15. Nh4
Qd7 16. g4 Bg6 17. Nxg6 fxg6 18. b4 Na6 19. exd5 cxd5 20. c3 Nc7 21. Nb3 Ne6
22. Bc1 Rac8 23. Ra2 Bd6 24. b5 Bb8 25. c4 e4 26. dxe4 dxe4 27. Qb4 g5 28. Nd2
Qc7 29. f4 Nxf4 0-1